|
|
|
|
| LEADER |
01223nam a2200253 a 4500 |
| 001 |
1147927 |
| 008 |
110715s1993 si a b 101 0 eng d |
| 010 |
|
|
|a 95109335
|
| 020 |
|
|
|a 9810215290 (v. 1) :
|c $78.00
|
| 040 |
|
|
|a OAU
|c OAU
|d MdAN
|d DLC
|d BD-DhAAL
|
| 082 |
0 |
0 |
|a 006.6
|2 20
|
| 111 |
2 |
|
|a Pacific Conference on Computer Graphics and Applications
|n (1st :
|d 1993 :
|c Seoul, Korea)
|
| 245 |
1 |
0 |
|a Computer graphics and applications :
|b proceedings of the First Pacific Conference on Computer Graphics and Applications, Pacific Graphics '93, Seoul, Korea, Aug. 30-Sep. 2, 1993 /
|c editors, Sung Yong Shin, Tosiyasu L. Kunii.
|
| 260 |
|
|
|a Singapore ;
|a River Edge, N.J. :
|b World Scientific,
|c c1993-
|
| 300 |
|
|
|a xiv, 413 p. :
|b ill. (come col.) ;
|c 23 cm.
|
| 504 |
|
|
|a Includes bibliographical references and index.
|
| 541 |
|
|
|e 00014659
|
| 650 |
|
0 |
|a Computer graphics
|x Congresses.
|
| 650 |
|
0 |
|a Computer animation
|x Congresses.
|
| 700 |
1 |
|
|a Shin, Sung Yong.
|
| 700 |
1 |
|
|a Kunii, Tosiyasu.
|
| 852 |
1 |
|
|a Ayesha Abed Library
|c General Shelf.
|
| 999 |
|
|
|c 11093
|d 11093
|
| 952 |
|
|
|0 0
|1 0
|2 ddc
|4 0
|6 006_600000000000000_COM
|7 0
|9 17473
|a BRACUL
|b BRACUL
|c GEN
|d 2011-07-16
|l 3
|m 17
|o 006.6 COM
|p 3010014659
|r 2016-04-21
|s 2016-03-06
|t 1
|w 2011-07-16
|y BK
|